| 000 | 00489nam a2200181Ia 4500 | ||
|---|---|---|---|
| 008 | 191130s1970##################000#0#eng## | ||
| 020 | _a9780345336583 | ||
| 040 |
_aACL _cACL |
||
| 082 | _a201 LEW | ||
| 100 | _aLewis, C. S | ||
| 245 |
_aThe grand miracle _cC. S. Lewis ; edited by walter Hooper |
||
| 260 |
_aNew York _bBallantine Books _cc1970 |
||
| 300 | _a167 p. ; 18 cm. | ||
| 650 | _aReligion | ||
| 990 | _a37e68e79ac10000c4187a17d8dd86305 | ||
| 991 | _a84778 | ||
| 999 |
_c51247 _d51247 |
||